00277nam a2200121Ia 4500008004100000100000900041245002400050260003500074300000900109650001300118942000700131999001700138190216s9999||||xx |||||||||||||| ||und|| aNull 0aStories From Tagore bMac Millian And Com. Ltdc1964 a176p aSpeeches cBK c11579d11579